[Event "Mercredi 2014.11.19 ABCDEF"]
[Site "Montreal CAN"]
[Date "2014.12.03"]
[Round "3"]
[White "Nica, Ion"]
[Black "Millette, Sylvain"]
[Result "1-0"]
[WhiteElo "1680"]
[BlackElo "1735"]
[PlyCount "75"]
[EventDate "2014.11.19"]
[EventType "tourn"]
[EventRounds "5"]
[EventCountry "CAN"]

1. Nf3 Nf6 2. Nc3 d5 3. e3 g6 4. b3 Bg7 5. Bb2 O-O 6. Ne2 c5 7. Ng3 Nc6 8. Be2
Qc7 9. d4 cxd4 10. Nxd4 Qa5+ 11. Kf1 Bd7 12. Nb5 Nb4 13. a4 a6 14. Na3 Rac8 15.
c4 Qd8 16. a5 dxc4 17. Nxc4 Bb5 18. Qb1 Nfd5 19. Bxg7 Kxg7 20. h4 e5 21. Qb2 f6
22. h5 Qe7 23. Rh4 Qe6 24. Bg4 f5 25. Bh3 Qf6 26. hxg6 Qxh4 27. Qxe5+ Kxg6 28.
Bxf5+ Kh6 29. Bxc8 Rxf2+ 30. Kg1 Qf6 31. Nf5+ Rxf5 32. Bxf5 Qxe5 33. Nxe5 Nxe3
34. Be4 Nc6 35. Nf7+ Kg7 36. Nd6 Nd4 37. Nxb5 axb5 38. Bxb7 1-0

[Event "Mercredi 2014.11.19 ABCDEF"]
[Site "Montreal CAN"]
[Date "2014.12.10"]
[Round "4"]
[White "Baran, Marius"]
[Black "Fortin-Lavoie, Patrice"]
[Result "1-0"]
[WhiteElo "1796"]
[BlackElo "1786"]
[PlyCount "103"]
[EventDate "2014.11.19"]
[EventType "tourn"]
[EventRounds "5"]
[EventCountry "CAN"]

1. e4 Nc6 2. Nf3 e5 3. d4 exd4 4. Bc4 Nf6 5. e5 d5 6. Bb5 Ne4 7. Nxd4 Bd7 8.
Bxc6 bxc6 9. O-O Bc5 10. Be3 Qe7 11. f3 Ng5 12. Re1 Rb8 13. c3 O-O 14. b4 Bb6
15. Qd2 h6 16. h4 Nh7 17. Bf2 Rfd8 18. Nb3 Nf8 19. g3 Ne6 20. Na3 c5 21. Nc2
Bc6 22. bxc5 Bxc5 23. Nxc5 Nxc5 24. Nd4 Bd7 25. g4 Na4 26. Nb3 Rb5 27. Qe3 c5
28. Rad1 Be6 29. Kg2 c4 30. Nd4 Rb6 31. Nf5 Bxf5 32. gxf5 Qa3 33. e6 fxe6 34.
fxe6 Qxc3 35. Qxc3 Nxc3 36. Bxb6 axb6 37. Rd4 Re8 38. f4 g6 39. h5 Kg7 40. Kf3
Kf6 41. hxg6 Kxg6 42. Re3 Ne4 43. Rxd5 Nc5 44. f5+ Kf6 45. Rc3 Nd3 46. Rxc4
Ne5+ 47. Rxe5 Kxe5 48. Rf4 Ra8 49. e7 Ra3+ 50. Kg4 Ra8 51. f6 Rg8+ 52. Kf3 1-0

[Event "Mercredi 2014.11.19 ABCDEF"]
[Site "Montreal CAN"]
[Date "2014.12.10"]
[Round "4"]
[White "Cardin, Guillaume"]
[Black "Morin, Louis"]
[Result "1-0"]
[WhiteElo "2047"]
[BlackElo "1972"]
[PlyCount "97"]
[EventDate "2014.11.19"]
[EventType "tourn"]
[EventRounds "5"]
[EventCountry "CAN"]

1. d4 e5 2. dxe5 Nc6 3. Nf3 Qe7 4. Qd5 f6 5. exf6 Nxf6 6. Qb3 d5 7. Bg5 Bd7 8.
c3 O-O-O 9. e3 h6 10. Bxf6 Qxf6 11. Nbd2 g5 12. Qxd5 Be6 13. Qb5 Bg7 14. Ne4 a6
15. Nxf6 axb5 16. Nh5 Bf8 17. Bxb5 Na7 18. Ba4 Bf7 19. Ng3 Bg7 20. Bb3 Bg6 21.
Nd4 Rhe8 22. Ne6 Rd7 23. Nxg7 Rxg7 24. O-O-O Rge7 25. Bc2 Bf7 26. Kb1 Re5 27.
Bf5+ Kb8 28. Rd7 Bg8 29. Rhd1 Nc6 30. Be4 Kc8 31. Bxc6 bxc6 32. e4 Bd5 33. Rh7
Rxe4 34. Rxh6 Rh4 35. Rxh4 gxh4 36. Nf1 Re2 37. Ne3 Rxf2 38. Rd4 Re2 39. Nxd5
cxd5 40. Rxh4 Rxg2 41. Rh7 Kb7 42. h4 Rh2 43. h5 Kb6 44. h6 Kb7 45. Rh8 Kc6 46.
h7 Kd7 47. Kc1 Kc6 48. Kd1 Rxb2 49. Rg8 1-0

[Event "Mercredi 2014.11.19 ABCDEF"]
[Site "Montreal CAN"]
[Date "2014.12.10"]
[Round "4"]
[White "Cloutier, Mathieu"]
[Black "Ouellet, Maili-Jade"]
[Result "1-0"]
[WhiteElo "1992"]
[BlackElo "1978"]
[PlyCount "57"]
[EventDate "2014.11.19"]
[EventType "tourn"]
[EventRounds "5"]
[EventCountry "CAN"]

1. e4 c5 2. Nf3 e6 3. d4 cxd4 4. Nxd4 a6 5. Nc3 b5 6. Bd3 Be7 7. Be3 Bb7 8. O-O
d6 9. f4 Qc7 10. Qh5 g6 11. Qe2 Nf6 12. f5 e5 13. fxg6 hxg6 14. Ndxb5 axb5 15.
Nxb5 Qd8 16. Bg5 Nbd7 17. Rad1 Rh5 18. h4 d5 19. exd5 Bxd5 20. Rxf6 Bxf6 21. g4
Rxg5 22. hxg5 Bxg5 23. Be4 Qb6+ 24. Kg2 Bxe4+ 25. Qxe4 Ra5 26. Nd6+ Kf8 27. Qc4
Kg8 28. Qxf7+ Kh8 29. Rh1+ 1-0

[Event "Mercredi 2014.11.19 ABCDEF"]
[Site "Montreal CAN"]
[Date "2014.12.10"]
[Round "4"]
[White "Gates, Claude-Eric"]
[Black "Brassard, Sylvain"]
[Result "1-0"]
[WhiteElo "1795"]
[BlackElo "1786"]
[PlyCount "77"]
[EventDate "2014.11.19"]
[EventType "tourn"]
[EventRounds "5"]
[EventCountry "CAN"]

1. d4 d5 2. c4 Nc6 3. Nc3 e5 4. cxd5 Nxd4 5. Nf3 Nxf3+ 6. exf3 Nf6 7. Bb5+ Bd7
8. Qe2 Bd6 9. Bg5 a6 10. Bd3 h6 11. Be3 Qe7 12. O-O O-O 13. Rac1 Rfe8 14. Rfd1
Rac8 15. Bb1 Nh5 16. Re1 f5 17. Qd3 Nf6 18. Qd2 Qf8 19. Qd3 e4 20. Qd1 exf3 21.
Qxf3 Ng4 22. h3 Nxe3 23. Rxe3 Rxe3 24. Qxe3 Re8 25. Qf3 Qe7 26. g3 Rf8 27. Kg2
c6 28. Rd1 Bb4 29. a3 Bxc3 30. d6 Qe5 31. bxc3 Rf6 32. Qd3 c5 33. f4 Qe8 34.
Rd2 Bc6+ 35. Kf2 Qd7 36. Qc4+ Kh8 37. Qxc5 b6 38. Qxb6 Rxd6 39. Qb8+ 1-0

[Event "Mercredi 2014.11.19 ABCDEF"]
[Site "Montreal CAN"]
[Date "2014.12.10"]
[Round "4"]
[White "Gauthier, Denis"]
[Black "Beaulieu, Pierre"]
[Result "1-0"]
[WhiteElo "1926"]
[BlackElo "1894"]
[PlyCount "49"]
[EventDate "2014.11.19"]
[EventType "tourn"]
[EventRounds "5"]
[EventCountry "CAN"]

1. d4 Nf6 2. c4 c5 3. d5 b5 4. cxb5 a6 5. b6 g6 6. Nc3 Qxb6 7. e4 d6 8. Nf3
Nbd7 9. a4 a5 10. Bb5 Ba6 11. Nd2 Bg7 12. O-O O-O 13. Nc4 Qc7 14. Bg5 h6 15.
Bh4 Nb6 16. b3 Nfd7 17. Rc1 g5 18. Bg3 f5 19. exf5 Rxf5 20. Qd3 Rf7 21. Bxa6
Bxc3 22. Rxc3 Rxa6 23. Nxd6 exd6 24. Qxa6 Nxd5 25. Qa8+ 1-0

[Event "Mercredi 2014.11.19 ABCDEF"]
[Site "Montreal CAN"]
[Date "2014.12.10"]
[Round "4"]
[White "Heredia, Jose"]
[Black "Destree, Frederic"]
[Result "1-0"]
[WhiteElo "1919"]
[BlackElo "1898"]
[PlyCount "79"]
[EventDate "2014.11.19"]
[EventType "tourn"]
[EventRounds "5"]
[EventCountry "CAN"]

1. e4 c5 2. Nf3 g6 3. c4 Nc6 4. d4 cxd4 5. Nxd4 Nf6 6. Nc3 d6 7. Be3 Ng4 8. Bg5
Bg7 9. Nxc6 bxc6 10. h3 Nxf2 11. Kxf2 Qb6+ 12. Be3 Qxb2+ 13. Be2 Qxc3 14. Qa4
Bd7 15. Rab1 O-O 16. Rb7 Rfd8 17. Rc1 Qf6+ 18. Kg1 Qh4 19. Bf2 Qxe4 20. Bf3 Qf4
21. Re1 e6 22. Bxc6 Bxc6 23. Qxc6 Bd4 24. Rf1 Be5 25. g3 Qg5 26. Rxf7 Kxf7 27.
Be3+ Qf5 28. Bg5 Qxf1+ 29. Kxf1 Rf8 30. Kg2 Rab8 31. Qd7+ Kg8 32. Qxe6+ Kh8 33.
h4 Rb2+ 34. Kh3 Rbf2 35. Bh6 Rb8 36. Qe7 Rf3 37. Bf4 Bxf4 38. Kg4 Rxg3+ 39.
Kxf4 Rd3 40. Kg5 1-0

[Event "Mercredi 2014.11.19 ABCDEF"]
[Site "Montreal CAN"]
[Date "2014.12.10"]
[Round "4"]
[White "Johnson-Constantin, Matthieu"]
[Black "Zroud, Hicham"]
[Result "0-1"]
[WhiteElo "1744"]
[BlackElo "1757"]
[PlyCount "102"]
[EventDate "2014.11.19"]
[EventType "tourn"]
[EventRounds "5"]
[EventCountry "CAN"]

1. d4 Nf6 2. c4 e5 3. dxe5 Ng4 4. Bf4 Nc6 5. Nf3 Bb4+ 6. Nbd2 Qe7 7. a3 Ngxe5
8. Nxe5 Nxe5 9. Bxe5 Bxd2+ 10. Qxd2 Qxe5 11. O-O-O d6 12. e3 Bf5 13. Bd3 Bxd3
14. Qxd3 O-O-O 15. Qd5 Rhe8 16. Kc2 Qxd5 17. cxd5 f5 18. Rd4 Re7 19. Kd3 Rde8
20. Rc1 Re4 21. Rdc4 R8e7 22. b4 b5 23. Rxe4 Rxe4 24. f3 Re5 25. Kd4 g5 26. e4
g4 27. Rc3 gxf3 28. gxf3 fxe4 29. fxe4 Rh5 30. h3 Kd7 31. Rg3 Kc8 32. Ke3 Rh4
33. Kd3 Kb7 34. Re3 Kb6 35. Ke2 Rf4 36. Ke1 c5 37. dxc6 Kxc6 38. Kd2 d5 39. Kd3
dxe4+ 40. Rxe4 Rf3+ 41. Re3 Rxe3+ 42. Kxe3 Kd5 43. Kf4 Kc4 44. Kg5 Kb3 45. Kh6
Kxa3 46. Kxh7 Kxb4 47. h4 a5 48. h5 a4 49. h6 a3 50. Kg7 a2 51. h7 a1=Q+ 0-1

[Event "Mercredi 2014.11.19 ABCDEF"]
[Site "Montreal CAN"]
[Date "2014.12.10"]
[Round "4"]
[White "Lessard, Sylvain"]
[Black "Gauthier, Luc"]
[Result "0-1"]
[WhiteElo "1671"]
[BlackElo "1728"]
[PlyCount "74"]
[EventDate "2014.11.19"]
[EventType "tourn"]
[EventRounds "5"]
[EventCountry "CAN"]

1. c4 f5 2. Nf3 Nf6 3. Nc3 e6 4. g3 Be7 5. Bg2 O-O 6. O-O d6 7. d4 Qe8 8. Qb3
Kh8 9. Bg5 h6 10. Bxf6 Bxf6 11. Rad1 Qh5 12. e3 c6 13. Ne2 g5 14. Rd2 e5 15.
dxe5 dxe5 16. Qb4 Qf7 17. Rfd1 Na6 18. Qa3 Be6 19. b3 g4 20. Ne1 h5 21. Qc1 h4
22. e4 hxg3 23. Nxg3 f4 24. Nf5 Qh5 25. Rd6 Bxf5 26. exf5 f3 27. Qe3 fxg2 28.
Nd3 g3 29. Kxg2 Qxh2+ 30. Kf1 g2+ 31. Ke2 Qh5+ 32. Qf3 Qh2 33. Qg3 Qxg3 34.
fxg3 Rad8 35. Rxd8 Rxd8 36. Kf2 e4 37. Nb2 e3+ 0-1

[Event "Mercredi 2014.11.19 ABCDEF"]
[Site "Montreal CAN"]
[Date "2014.12.10"]
[Round "4"]
[White "Levkovsky, Alexandre"]
[Black "Boudreau, Daniel"]
[Result "1-0"]
[WhiteElo "2227"]
[BlackElo "2109"]
[PlyCount "65"]
[EventDate "2014.11.19"]
[EventType "tourn"]
[EventRounds "5"]
[EventCountry "CAN"]

1. e4 c5 2. Nf3 e6 3. d4 cxd4 4. Nxd4 a6 5. Nc3 Qc7 6. Be2 Nf6 7. O-O Nc6 8.
Be3 b5 9. Nxc6 dxc6 10. f4 Bb4 11. e5 Bxc3 12. bxc3 Nd5 13. Bc5 Nxc3 14. Qd3
Na4 15. Bd6 Qa7+ 16. Kh1 g6 17. Qg3 Nb6 18. Bc5 Qc7 19. Rad1 Nd5 20. c4 bxc4
21. Bxc4 Bb7 22. Qh4 h5 23. Bxd5 cxd5 24. Bd6 Qd8 25. Qf2 f5 26. Rb1 Rh7 27.
Qg3 Qd7 28. Rfc1 Rc8 29. Rxc8+ Bxc8 30. Rb8 Rg7 31. Qc3 Kd8 32. Bb4 Rg8 33. Qc5
1-0

[Event "Mercredi 2014.11.19 ABCDEF"]
[Site "Montreal CAN"]
[Date "2014.12.10"]
[Round "4"]
[White "Pomerantz, Daniel"]
[Black "Dumouchel, Alain"]
[Result "1-0"]
[WhiteElo "1930"]
[BlackElo "1945"]
[PlyCount "45"]
[EventDate "2014.11.19"]
[EventType "tourn"]
[EventRounds "5"]
[EventCountry "CAN"]

1. e4 c5 2. Nf3 d6 3. d4 cxd4 4. Nxd4 Nf6 5. Nc3 g6 6. Be3 Bg7 7. f3 O-O 8. Qd2
Nc6 9. Bc4 Bd7 10. Bb3 Rc8 11. h4 h5 12. O-O-O Ne5 13. Kb1 Re8 14. g4 hxg4 15.
h5 Nxh5 16. Bh6 Bh8 17. Rxh5 gxh5 18. Qg5+ Kh7 19. Qxh5 Bg7 20. Bf4+ Kg8 21.
Bxe5 e6 22. Bxg7 Kxg7 23. Nf5+ 1-0

[Event "Mercredi 2014.11.19 ABCDEF"]
[Site "Montreal CAN"]
[Date "2014.12.10"]
[Round "4"]
[White "Salazar, Andres"]
[Black "Langlois-Remillard, Alexis"]
[Result "1-0"]
[WhiteElo "1821"]
[BlackElo "1852"]
[PlyCount "73"]
[EventDate "2014.11.19"]
[EventType "tourn"]
[EventRounds "5"]
[EventCountry "CAN"]

1. e4 Nc6 2. d4 e5 3. d5 Nce7 4. c4 d6 5. Bd3 g6 6. Bg5 Bg7 7. Ne2 Nf6 8. Qd2
h6 9. Bh4 Nd7 10. b4 f5 11. f3 O-O 12. Bf2 c6 13. Nbc3 Nf6 14. O-O Kh7 15. Kh1
f4 16. Rfd1 cxd5 17. cxd5 g5 18. Rac1 Bd7 19. a4 g4 20. Nxf4 exf4 21. e5+ Kg8
22. exf6 Bxf6 23. fxg4 Bxc3 24. Rxc3 Bxg4 25. Rdc1 Bf5 26. Bh4 Rc8 27. Bxf5
Rxc3 28. Be6+ Kg7 29. Qxc3+ Kg6 30. Qd3+ Kh5 31. Qf3+ Kg6 32. Qg4+ Kh7 33. Bf5+
Kh8 34. Rc8 Qxc8 35. Bxc8 Rxc8 36. Bf6+ Kh7 37. Qg7# 1-0

[Event "Mercredi 2014.11.19 ABCDEF"]
[Site "Montreal CAN"]
[Date "2014.12.17"]
[Round "5"]
[White "Beaulieu, Pierre"]
[Black "Heredia, Jose"]
[Result "1-0"]
[WhiteElo "1894"]
[BlackElo "1919"]
[PlyCount "140"]
[EventDate "2014.11.19"]
[EventType "tourn"]
[EventRounds "5"]
[EventCountry "CAN"]

1. d4 d5 2. Bf4 Bf5 3. Nf3 e6 4. Nbd2 Bd6 5. Bg3 c5 6. c3 Nc6 7. dxc5 Bxc5 8.
e3 a6 9. Nb3 Bd6 10. Nfd4 Nxd4 11. Nxd4 Be4 12. Bxd6 Qxd6 13. Qa4+ Kf8 14. f3
Bg6 15. Be2 Ne7 16. Kf2 Qb6 17. Qb3 Qxb3 18. Nxb3 Nc6 19. Rac1 Ke7 20. c4 dxc4
21. Rxc4 Rhd8 22. Rhc1 Rd6 23. Rc5 Rad8 24. Bxa6 Nb4 25. Bb5 Nd3+ 26. Bxd3 Bxd3
27. Rc7+ R8d7 28. Rxd7+ Rxd7 29. Nc5 Rd5 30. Nxd3 Rxd3 31. Rc7+ Kd6 32. Rxb7
Rd2+ 33. Kg3 f5 34. f4 e5 35. fxe5+ Kxe5 36. Kf3 g5 37. Rb5+ Ke6 38. a4 h5 39.
h3 g4+ 40. hxg4 hxg4+ 41. Kg3 Re2 42. Rb3 Kd5 43. a5 Kc4 44. Ra3 Rxb2 45. a6
Rb8 46. a7 Ra8 47. Kf4 Kd5 48. Kxf5 g3 49. Kf4 Ke6 50. Kxg3 Ke5 51. Kf3 Rf8+
52. Ke2 Ra8 53. g4 Kf6 54. Kf3 Ke5 55. Ra5+ Kf6 56. Kf4 Ke6 57. Ra6+ Ke7 58.
Ke5 Kf7 59. g5 Re8+ 60. Kd6 Re6+ 61. Kc7 Rxa6 62. Kb7 Ra3 63. a8=Q Rxa8 64.
Kxa8 Kg6 65. Kb7 Kxg5 66. Kc6 Kf5 67. Kd5 Kf6 68. e4 Ke7 69. Ke5 Kf8 70. Ke6
Ke8 1-0

[Event "Mercredi 2014.11.19 ABCDEF"]
[Site "Montreal CAN"]
[Date "2014.12.17"]
[Round "5"]
[White "Brassard, Sylvain"]
[Black "Johnson-Constantin, Matthieu"]
[Result "1-0"]
[WhiteElo "1786"]
[BlackElo "1744"]
[PlyCount "91"]
[EventDate "2014.11.19"]
[EventType "tourn"]
[EventRounds "5"]
[EventCountry "CAN"]

1. b3 Nf6 2. Bb2 e6 3. e3 Be7 4. Nf3 O-O 5. c4 c5 6. Be2 d5 7. O-O dxc4 8. Bxc4
Nc6 9. d4 Qc7 10. Nc3 Rd8 11. Qe2 a6 12. dxc5 Bxc5 13. Rfd1 Rxd1+ 14. Rxd1 b5
15. Bd3 Bb7 16. Ne4 Nxe4 17. Bxe4 Rd8 18. Rxd8+ Nxd8 19. Bxb7 Nxb7 20. Qd2 Qd6
21. Kf1 Kf8 22. Ke2 Qxd2+ 23. Kxd2 f6 24. Kd3 Ke7 25. Nd2 e5 26. f3 Nd8 27. Ne4
Bb6 28. Ba3+ Ke6 29. Bc5 Bc7 30. Bf8 Kf7 31. Ba3 Nc6 32. Bc5 Ke6 33. a4 Kd5 34.
axb5 axb5 35. Bf8 Na5 36. b4 Nc6 37. Nc3+ Ke6 38. Nxb5 Bb6 39. e4 g6 40. Kc4 f5
41. Bc5 Bd8 42. Na7 Nxa7 43. Bxa7 Kd6 44. Bb8+ Ke6 45. Kb5 Bf6 46. Kc6 1-0

[Event "Mercredi 2014.11.19 ABCDEF"]
[Site "Montreal CAN"]
[Date "2014.12.17"]
[Round "5"]
[White "Dumouchel, Alain"]
[Black "Cardin, Guillaume"]
[Result "0-1"]
[WhiteElo "1945"]
[BlackElo "2047"]
[PlyCount "90"]
[EventDate "2014.11.19"]
[EventType "tourn"]
[EventRounds "5"]
[EventCountry "CAN"]

1. e4 d5 2. d4 dxe4 3. f3 exf3 4. Nxf3 Nf6 5. Bc4 e6 6. O-O Be7 7. Nc3 O-O 8.
Qe2 a6 9. Bg5 Nc6 10. Rad1 Nd5 11. Bxe7 Nxc3 12. bxc3 Qxe7 13. h4 Bd7 14. Qe4
Rae8 15. g4 b5 16. Bd3 f5 17. gxf5 exf5 18. Qd5+ Qe6 19. Qc5 Qd6 20. Qxd6 cxd6
21. a4 b4 22. Bc4+ Kh8 23. Ng5 Nd8 24. cxb4 Bxa4 25. Bxa6 h6 26. Nh3 Nc6 27.
Nf4 Kh7 28. b5 Nb4 29. d5 Bxc2 30. Rd4 Nxa6 31. bxa6 Re4 32. Ne6 Ra8 33. Ra1
Ra7 34. h5 Rxd4 35. Nxd4 Bd3 36. Ra3 Bc4 37. Rc3 Bxd5 38. Nxf5 Rxa6 39. Rc7
Ra1+ 40. Kf2 Ra2+ 41. Ke3 Rg2 42. Ne7 Bf7 43. Nf5 Bxh5 44. Nxd6 Bg6 45. Kf4 h5
0-1

[Event "Mercredi 2014.11.19 ABCDEF"]
[Site "Montreal CAN"]
[Date "2014.12.17"]
[Round "5"]
[White "Fortin-Lavoie, Patrice"]
[Black "Gates, Claude-Eric"]
[Result "1-0"]
[WhiteElo "1786"]
[BlackElo "1795"]
[PlyCount "73"]
[EventDate "2014.11.19"]
[EventType "tourn"]
[EventRounds "5"]
[EventCountry "CAN"]

1. c4 Nf6 2. Nf3 g6 3. Nc3 Bg7 4. e4 d6 5. Be2 O-O 6. O-O c5 7. Rb1 Nc6 8. a3
Bg4 9. b4 Bxf3 10. Bxf3 Nd4 11. bxc5 Nxf3+ 12. Qxf3 Nd7 13. cxd6 Ne5 14. Qe2
Qxd6 15. Rxb7 a6 16. f4 Qc6 17. fxe5 Qxb7 18. d4 e6 19. Qc2 Rab8 20. Na4 Qa7
21. c5 Qd7 22. Rd1 Rfd8 23. Nb2 Qc6 24. Nc4 Qb5 25. Nd6 Qc6 26. Qf2 Rf8 27. Bg5
Rb7 28. Nxb7 Qxb7 29. Qc2 Rc8 30. Rb1 Qc6 31. Qd3 Qd7 32. Qc3 Qc6 33. Qd3 Qd7
34. Qc4 Qc6 35. Rb6 Qxb6 36. cxb6 Rxc4 37. b7 1-0

[Event "Mercredi 2014.11.19 ABCDEF"]
[Site "Montreal CAN"]
[Date "2014.12.08"]
[Round "5"]
[White "Gauthier, Luc"]
[Black "Millette, Sylvain"]
[Result "1-0"]
[WhiteElo "1728"]
[BlackElo "1735"]
[PlyCount "97"]
[EventDate "2014.11.19"]
[EventType "tourn"]
[EventRounds "5"]
[EventCountry "CAN"]

1. e4 Nf6 2. e5 Nd5 3. c4 Nb6 4. c5 Nd5 5. Nc3 e6 6. Nxd5 exd5 7. d4 d6 8. cxd6
cxd6 9. Nf3 dxe5 10. dxe5 Bb4+ 11. Bd2 Bxd2+ 12. Qxd2 O-O 13. Rd1 Be6 14. Be2
Nc6 15. O-O Qc7 16. Qc3 Qa5 17. Qxa5 Nxa5 18. Nd4 Rfe8 19. Nxe6 Rxe6 20. Rxd5
Nc6 21. f4 a6 22. Bg4 Re7 23. a3 Kf8 24. Rfd1 Rc7 25. Rd7 Rxd7 26. Rxd7 Rb8 27.
e6 fxe6 28. Bxe6 Ne7 29. f5 Ke8 30. Kf2 b5 31. b4 Rd8 32. Rxd8+ Kxd8 33. Ke3
Kc7 34. Ke4 Kd6 35. g4 Nc6 36. Bg8 h6 37. h4 a5 38. bxa5 Nxa5 39. g5 hxg5 40.
hxg5 Nc6 41. f6 gxf6 42. gxf6 Na5 43. Kf5 Nc4 44. Kg6 Ne5+ 45. Kg7 Kc5 46. f7
Nxf7 47. Bxf7 b4 48. a4 Kd4 49. Kf6 1-0

[Event "Mercredi 2014.11.19 ABCDEF"]
[Site "Montreal CAN"]
[Date "2014.12.17"]
[Round "5"]
[White "Langlois-Remillard, Alexis"]
[Black "Gauthier, Denis"]
[Result "1/2-1/2"]
[WhiteElo "1852"]
[BlackElo "1926"]
[PlyCount "127"]
[EventDate "2014.11.19"]
[EventType "tourn"]
[EventRounds "5"]
[EventCountry "CAN"]

1. g3 Nf6 2. Bg2 d5 3. Nf3 Bg4 4. d4 Nbd7 5. O-O e6 6. c4 c6 7. Bf4 Be7 8. Nc3
O-O 9. Rc1 h6 10. cxd5 exd5 11. a3 Re8 12. b4 a5 13. b5 Bxa3 14. bxc6 bxc6 15.
Rb1 Bb4 16. Na2 Ne4 17. Qc2 Qb6 18. Rfc1 Rec8 19. Nxb4 axb4 20. Qb3 g5 21. Be3
Rab8 22. h4 gxh4 23. Nxh4 Bxe2 24. Nf5 Qd8 25. Nxh6+ Kf8 26. Bxe4 Qf6 27. Bxd5
cxd5 28. Rxc8+ Rxc8 29. Qxb4+ Kg7 30. Qb7 Rb8 31. Qxb8 Nxb8 32. Rxb8 Qa6 33.
Rg8+ Kf6 34. Rf8 Qa1+ 35. Kg2 Bh5 36. g4 Bg6 37. Re8 Qd1 38. g5+ Kg7 39. f3 Bd3
40. Bf4 Qf1+ 41. Kg3 Qg1+ 42. Kh4 Qf2+ 43. Kg4 Qg1+ 44. Kh4 Qxd4 45. Kg3 Qg1+
46. Kh4 Qf2+ 47. Kg4 Qg2+ 48. Kh4 Qh1+ 49. Kg3 Kg6 50. Kg4 Qg2+ 51. Kh4 Bf1 52.
Rg8+ Kh7 53. g6+ fxg6 54. Ra8 g5+ 55. Kh5 gxf4 56. Ra7+ Kh8 57. Ra8+ Kg7 58.
Rg8+ Kf6 59. Rxg2 Bxg2 60. Kg4 Ke5 61. Nf7+ Kd4 62. Kxf4 Bh3 63. Ng5 Bd7 64.
Ne4 1/2-1/2

[Event "Mercredi 2014.11.19 ABCDEF"]
[Site "Montreal CAN"]
[Date "2014.12.17"]
[Round "5"]
[White "Lopez Linares, Lizandro"]
[Black "Levkovsky, Alexandre"]
[Result "1/2-1/2"]
[WhiteElo "2104"]
[BlackElo "2227"]
[PlyCount "34"]
[EventDate "2014.11.19"]
[EventType "tourn"]
[EventRounds "5"]
[EventCountry "CAN"]

1. d4 Nf6 2. Nf3 e6 3. Bg5 Be7 4. Nbd2 d5 5. e3 O-O 6. c3 b6 7. Bd3 Ba6 8. Bxa6
Nxa6 9. Qa4 Nb8 10. Ne5 Qe8 11. Qxe8 Rxe8 12. a4 Nfd7 13. Bxe7 Rxe7 14. Nxd7
Nxd7 15. a5 b5 16. b4 e5 17. Nb3 a6 1/2-1/2

[Event "Mercredi 2014.11.19 ABCDEF"]
[Site "Montreal CAN"]
[Date "2014.12.17"]
[Round "5"]
[White "Morin, Louis"]
[Black "Cloutier, Mathieu"]
[Result "0-1"]
[WhiteElo "1972"]
[BlackElo "1992"]
[PlyCount "140"]
[EventDate "2014.11.19"]
[EventType "tourn"]
[EventRounds "5"]
[EventCountry "CAN"]

1. e4 c5 2. d4 cxd4 3. c3 e5 4. Nf3 Nc6 5. Bc4 Nf6 6. O-O Nxe4 7. cxd4 d5 8.
Bb5 exd4 9. Nxd4 Bd7 10. Nc3 Nxc3 11. bxc3 Be7 12. Re1 O-O 13. Qa4 Bf6 14. Ba3
Re8 15. Nxc6 bxc6 16. Bxc6 Bxc6 17. Qxc6 Rxe1+ 18. Rxe1 Rc8 19. Qb7 Bxc3 20.
Re7 Bf6 21. Rxf7 Qe8 22. g3 Rb8 23. Qc7 Be5 24. Rf8+ Qxf8 25. Qxe5 Rb1+ 26. Kg2
Qf7 27. Bb2 h6 28. Qc3 d4 29. Qc8+ Kh7 30. Qc2+ Qg6 31. Qxg6+ Kxg6 32. Bxd4 a6
33. a3 Rb3 34. Bc5 Kf5 35. Bf8 g6 36. h4 h5 37. f3 a5 38. Kf2 a4 39. Ke2 Ke6
40. Kf2 Rb2+ 41. Ke3 Rg2 42. Kf4 Kd5 43. Bg7 Kc4 44. g4 Kb3 45. gxh5 gxh5 46.
Bf8 Kc4 47. Ke5 Re2+ 48. Kf4 Re8 49. Bd6 Re6 50. Bb4 Rb6 51. Be7 Rb7 52. Bf6
Rf7 53. Kg5 Kb3 54. Kg6 Rxf6+ 55. Kxf6 Kxa3 56. Ke7 Kb4 57. f4 a3 58. f5 a2 59.
f6 a1=Q 60. f7 Qe5+ 61. Kf8 Qg3 62. Ke8 Qg6 63. Ke7 Qe4+ 64. Kd7 Qg4+ 65. Ke8
Qe6+ 66. Kf8 Kc4 67. Kg7 Qe7 68. Kg8 Kd5 69. f8=Q Qxf8+ 70. Kxf8 Ke6 0-1

[Event "Mercredi 2014.11.19 ABCDEF"]
[Site "Montreal CAN"]
[Date "2014.12.17"]
[Round "5"]
[White "Ouellet, Maili-Jade"]
[Black "Pomerantz, Daniel"]
[Result "0-1"]
[WhiteElo "1978"]
[BlackElo "1930"]
[PlyCount "130"]
[EventDate "2014.11.19"]
[EventType "tourn"]
[EventRounds "5"]
[EventCountry "CAN"]

1. d4 Nf6 2. c4 e6 3. Nc3 Bb4 4. Qc2 d5 5. Bg5 h6 6. Bh4 dxc4 7. e3 b5 8. a4 c6
9. axb5 cxb5 10. Bxf6 gxf6 11. Be2 Bb7 12. Bf3 Bxf3 13. Nxf3 Nc6 14. O-O Bxc3
15. bxc3 a5 16. Rfb1 Rb8 17. Nd2 f5 18. e4 fxe4 19. Nxe4 Kf8 20. Nc5 Qd5 21.
Qe2 Rg8 22. g3 Rg6 23. Qe4 Qxe4 24. Nxe4 Ke7 25. Nd2 Kd6 26. Ra2 Kd5 27. Rc2 f5
28. Kf1 e5 29. dxe5 Nxe5 30. Ra1 Ra6 31. Rca2 Rba8 32. Ke2 Nd3 33. Kf3 a4 34.
Nb1 Re6 35. Na3 Kc5 36. Rb1 Rb8 37. Nc2 f4 38. Nd4 Rf6 39. g4 Ne5+ 40. Kg2 Nxg4
41. Rxa4 Ne5 42. Ra5 Rfb6 43. Ra7 Rg6+ 44. Kf1 Rgb6 45. Re1 Kd5 46. Re7 Nd3 47.
Rd7+ Rd6 48. Rxd6+ Kxd6 49. Re6+ Kd5 50. Rxh6 b4 51. Rh5+ Ke4 52. f3+ Ke3 53.
Nc2+ Kxf3 54. cxb4 Nxb4 55. Na3 Nd3 56. Rb5 Ra8 57. Nc2 Ra2 58. Nd4+ Ke4 59.
Nf5 Rxh2 60. Kg1 Rb2 61. Nd6+ Kf3 62. Rg5 c3 63. Nf5 c2 64. Nd4+ Ke4 65. Nxc2
Rxc2 0-1

[Event "Mercredi 2014.11.19 ABCDEF"]
[Site "Montreal CAN"]
[Date "2014.12.17"]
[Round "5"]
[White "Zroud, Hicham"]
[Black "Baran, Marius"]
[Result "0-1"]
[WhiteElo "1757"]
[BlackElo "1796"]
[PlyCount "70"]
[EventDate "2014.11.19"]
[EventType "tourn"]
[EventRounds "5"]
[EventCountry "CAN"]

1. e4 c5 2. Nc3 e6 3. f4 d5 4. Bb5+ Bd7 5. exd5 Bxb5 6. Nxb5 exd5 7. Nf3 Nf6 8.
O-O Be7 9. d4 a6 10. Nc3 O-O 11. Be3 c4 12. Ne5 Nc6 13. a3 Qd6 14. Qf3 Rad8 15.
Rae1 b5 16. Bf2 Rfe8 17. Re2 Na7 18. g4 b4 19. axb4 Nb5 20. g5 Nxc3 21. bxc3
Ne4 22. Nxc4 Qc7 23. Nd2 Nxc3 24. Re3 Bxb4 25. Rfe1 Kf8 26. Rxe8+ Rxe8 27.
Rxe8+ Kxe8 28. f5 Qe7 29. Be3 a5 30. Nb3 Ne4 31. h4 a4 32. Nc1 a3 33. Qe2 Nc3
34. Qd3 Qe4 35. Qxe4+ dxe4 0-1

[Event "Millenium"]
[Site "Charlesbourg CAN"]
[Date "2014.10.06"]
[Round "1"]
[White "Doyon, Stephane"]
[Black "Remillard, Sebastien"]
[Result "1-0"]
[WhiteElo "1832"]
[BlackElo "1150"]
[PlyCount "51"]
[EventDate "2014.10.06"]
[EventType "tourn"]
[EventRounds "5"]
[EventCountry "CAN"]

1. e4 c5 2. Nf3 Nc6 3. d4 cxd4 4. Nxd4 Nf6 5. Nc3 g6 6. Nb3 d6 7. h3 Bg7 8. Be3
O-O 9. Qd2 Be6 10. O-O-O a6 11. f3 Nd7 12. h4 b5 13. h5 Nb6 14. hxg6 fxg6 15.
Bh6 Bxc3 16. Qxc3 Rf7 17. Qxc6 Rc8 18. Qb7 Nc4 19. Nd4 Qa5 20. Nxe6 Re8 21. Qd7
Rff8 22. Bxc4 Rd8 23. Ng5+ bxc4 24. Qe6+ Kh8 25. Qxe7 Rg8 26. Qxh7# 1-0

[Event "Millenium"]
[Site "Charlesbourg CAN"]
[Date "2014.10.06"]
[Round "1"]
[White "Drolet, Stephane"]
[Black "Dube, Daniel"]
[Result "1-0"]
[WhiteElo "2165"]
[BlackElo "1806"]
[PlyCount "57"]
[EventDate "2014.10.06"]
[EventType "tourn"]
[EventRounds "5"]
[EventCountry "CAN"]

1. Nf3 Nc6 2. c4 e5 3. Nc3 f5 4. d3 Nf6 5. a3 d6 6. g3 Be7 7. Bg2 O-O 8. b4 a6
9. O-O Qe8 10. Bg5 Be6 11. Nd2 h6 12. Bxf6 Bxf6 13. Nd5 Qd7 14. b5 axb5 15.
cxb5 Na5 16. Rc1 Bd8 17. Qa4 Qf7 18. Nb4 Bg5 19. Na6 Bxd2 20. Rxc7 Bb3 21. Qh4
Qf6 22. Qxf6 Rxf6 23. Rb1 Be6 24. Rd1 d5 25. Nc5 Bf7 26. Rxd2 b6 27. Rxf7 bxc5
28. Rxf6 Rd8 29. Rxf5 1-0